[Event "chess.com SpeedChess 2022"]
[Site "chess.com INT"]
[Date "2022.12.09"]
[Round "2.19"]
[White "Ding Liren"]
[Black "Nihal, Sarin"]
[Result "1/2-1/2"]
[WhiteElo "2811"]
[BlackElo "2670"]
[PlyCount "89"]
[EventDate "2022.11.23"]
[EventType "k.o."]

1. d4 d5 2. c4 e6 3. Nc3 h6 4. Bf4 Nf6 5. e3 Bd6 6. Bxd6 Qxd6 7. cxd5 Nxd5 8. Rc1 O-O 9. Nf3 b6 10. Nxd5 exd5 11. Qc2 c6 12. Bd3 Be6 13. O-O Rc8 14. Ne5 $146 ({RR} 14. Rfd1 Nd7 15. h3 Rc7 16. Qa4 c5 17. Qa3 Rd8 18. Bb5 Nf6 19. b3 Rdc8 20. Ba6 Rd8 21. Rc2 Bf5 22. Bd3 Bxd3 23. Rxd3 c4 24. Qxd6 Rxd6 25. bxc4 dxc4 26. Ra3 b5 27. Ne5 Nd5 28. Ra5 a6 {Sarana,A (2693)-Nihal,S (2694) chess.com INT 2023 1-0 (55)}) 14... c5 15. f4 Nc6 16. dxc5 Qe7 17. Nxc6 Rxc6 18. b4 bxc5 19. Bb5 Rb6 20. Qxc5 Qxc5 21. Rxc5 Rab8 22. a4 a6 23. f5 Bc8 24. Bc6 Rxb4 25. Rxd5 Bb7 26. Bxb7 R8xb7 27. Ra5 Rc7 28. h3 h5 29. f6 g6 30. Rxa6 Rb2 31. Kh2 Rcc2 32. Rg1 Rf2 33. a5 Ra2 34. Kg3 Rf5 35. Rc1 Rg5+ 36. Kf4 Rf5+ 37. Ke4 Ra4+ 38. Kd3 Rd5+ 39. Ke2 Ra2+ 40. Kf3 Rf5+ 41. Ke4 Ra4+ 42. Kd3 Rd5+ 43. Ke2 Ra2+ 44. Kf3 Rf5+ 45. Ke4 1/2-1/2

[Event "chess.com SpeedChess 2022"]
[Site "chess.com INT"]
[Date "2022.12.07"]
[Round "1.23"]
[White "Giri, A."]
[Black "Nihal, Sarin"]
[Result "0-1"]
[WhiteElo "2764"]
[BlackElo "2670"]
[PlyCount "88"]
[EventDate "2022.11.23"]
[EventType "k.o."]

1. d4 d5 2. c4 e6 3. Nc3 h6 4. cxd5 exd5 5. Bf4 c6 6. e3 Bf5 7. Bd3 Bxd3 8. Qxd3 Nf6 ({RR} 8... Bd6 9. Nge2 Nf6 10. O-O O-O 11. a3 Bxf4 12. Nxf4 Nbd7 13. b4 b5 14. a4 a6 15. a5 Qe7 16. Rab1 Ne8 17. e4 dxe4 18. Qxe4 Qxe4 19. Nxe4 Ndf6 20. f3 Rd8 21. Rfc1 Nxe4 22. fxe4 Rxd4 23. Rxc6 {Yu Yangyi (2714)-Karthikeyan,M (2661) Hong Kong HKG 2026 1-0 (57)}) 9. Nge2 Nbd7 10. O-O Nh5 $146 ({RR} 10... Be7 11. h3 O-O 12. Rad1 Re8 13. f3 c5 14. dxc5 Nxc5 15. Qd2 Ne6 16. Be5 Nd7 17. Bg3 Nf6 18. Nxd5 Nxd5 19. Qxd5 Qb6 20. Qb3 Qxb3 21. axb3 Rac8 22. Nc3 Bf6 23. Ne4 Be7 24. Be5 Nc5 25. Nxc5 {Giri,A (2764)-Nihal,S (2670) chess.com INT 2022 0-1 (80)}) 11. Be5 Be7 12. Qf5 g6 13. Qh3 Nxe5 14. dxe5 Qd7 15. Qxd7+ Kxd7 16. Rad1 Ke6 17. f4 Bc5 18. Kf2 Ng7 19. Na4 Bb6 20. b4 f6 21. Nd4+ Kf7 22. Nc5 Bxc5 23. bxc5 fxe5 24. fxe5 Ne6 25. Ke2+ Ke7 26. Rf6 Nxc5 27. Rxg6 Rag8 28. Nf5+ Kd7 29. Rxg8 Rxg8 30. Kf3 Ke6 31. Nxh6 Rf8+ 32. Ke2 Ne4 33. Rf1 Nc3+ 34. Ke1 Rxf1+ 35. Kxf1 Nxa2 36. Ng4 b5 37. Ke2 b4 38. Nf2 c5 39. h4 c4 40. h5 Kxe5 41. h6 Kf6 42. g4 b3 43. g5+ Kg6 44. Kd2 c3+ 0-1

[Event "chess.com SpeedChess 2022"]
[Site "chess.com INT"]
[Date "2022.12.07"]
[Round "1.25"]
[White "Giri, A."]
[Black "Nihal, Sarin"]
[Result "1-0"]
[WhiteElo "2764"]
[BlackElo "2670"]
[PlyCount "127"]
[EventDate "2022.11.23"]
[EventType "k.o."]

1. d4 d5 2. c4 e6 3. Nc3 h6 4. cxd5 exd5 5. Bf4 c6 6. e3 Bf5 7. Bd3 Bxd3 8. Qxd3 Nf6 ({RR} 8... Bd6 9. Nge2 Nf6 10. O-O O-O 11. a3 Bxf4 12. Nxf4 Nbd7 13. b4 b5 14. a4 a6 15. a5 Qe7 16. Rab1 Ne8 17. e4 dxe4 18. Qxe4 Qxe4 19. Nxe4 Ndf6 20. f3 Rd8 21. Rfc1 Nxe4 22. fxe4 Rxd4 23. Rxc6 {Yu Yangyi (2714)-Karthikeyan,M (2661) Hong Kong HKG 2026 1-0 (57)}) 9. Nge2 Nbd7 10. O-O Be7 11. Ng3 $146 ({RR} 11. h3 O-O 12. Rad1 Re8 13. f3 c5 14. dxc5 Nxc5 15. Qd2 Ne6 16. Be5 Nd7 17. Bg3 Nf6 18. Nxd5 Nxd5 19. Qxd5 Qb6 20. Qb3 Qxb3 21. axb3 Rac8 22. Nc3 Bf6 23. Ne4 Be7 24. Be5 Nc5 25. Nxc5 Bxc5 {Giri,A (2764)-Nihal,S (2670) chess.com INT 2022 0-1 (80)}) 11... O-O 12. f3 c5 13. Nf5 Re8 14. Rad1 Bf8 15. Nb5 Nh5 16. Bd6 Qb6 17. Bxf8 Rxf8 18. Ne7+ Kh8 19. Nxd5 Qc6 20. Nbc3 Rad8 21. e4 a6 22. a3 cxd4 23. Qxd4 Nhf6 24. Rf2 Nc5 25. Qe3 Nxd5 26. Nxd5 Ne6 27. Rfd2 Rd7 28. h3 Rfd8 29. Kh1 a5 30. Kh2 Qd6+ 31. g3 Qe5 32. Kg2 Rxd5 33. Rxd5 Rxd5 34. Rxd5 Qxb2+ 35. Rd2 Qa1 36. f4 Qb1 37. h4 b6 38. f5 Nc5 39. Re2 f6 40. g4 Nd3 41. g5 Ne5 42. gxh6 Qd1 43. hxg7+ Kxg7 44. Rd2 Qb1 45. h5 Kh7 46. h6 Ng4 47. Qf4 Ne5 48. Qh4 Qc1 49. Rf2 Qc6 50. Kh3 Qc3+ 51. Qg3 Qc7 52. Qg7+ Qxg7 53. hxg7 Kxg7 54. Kg3 Nc4 55. a4 Nd6 56. Rb2 Nxe4+ 57. Kf3 Nc5 58. Rxb6 Nxa4 59. Rb5 Kf7 60. Rxa5 Nb6 61. Ra7+ Ke8 62. Ra6 Nd7 63. Ra8+ Ke7 64. Ra6 1-0

[Event "chess.com SpeedChess 2022"]
[Site "chess.com INT"]
[Date "2022.11.23"]
[Round "1.11"]
[White "Caruana, F."]
[Black "Erigaisi, Arjun"]
[Result "1/2-1/2"]
[WhiteElo "2766"]
[BlackElo "2718"]
[PlyCount "102"]
[EventDate "2022.11.23"]
[EventType "k.o."]

1. d4 d5 2. c4 e6 3. Nc3 c6 4. cxd5 exd5 5. Nf3 Nf6 6. Bf4 Bf5 7. e3 Nbd7 8. h3 Be7 9. g4 Bg6 ({RR} 9... Be4 10. Be2 Qb6 11. Qb3 Qxb3 12. axb3 Bg6 13. Nh4 Bb4 14. Nxg6 hxg6 15. f3 Nf8 16. Kf2 Ne6 17. Bg3 Ke7 18. h4 a6 19. Kg2 Rad8 20. Bf2 Bd6 21. Bd3 Bb8 22. Na4 Bd6 23. Be1 c5 24. Nxc5 {Carlsen,M (2861)-Nepomniachtchi,I (2792) Saint Louis 2022 1-0 (43)}) 10. Nh4 Ne4 ({RR} 10... Qb6 11. Qe2 Nf8 12. Nf5 Bxf5 13. gxf5 g6 14. h4 Qd8 15. O-O-O Bd6 16. Qf3 Bxf4 17. Qxf4 N8d7 18. Be2 Qb8 19. Qg5 Qd6 20. fxg6 hxg6 21. h5 gxh5 22. Bxh5 Rxh5 23. Rxh5 Nxh5 24. Qxh5 O-O-O 25. Rg1 {Erigaisi,A (2778)-Dubov,D (2701) Almaty KAZ 2024 ½-½ (35)}) 11. Nxg6 hxg6 12. Bg2 $146 ({RR} 12. Nxe4 dxe4 13. Bg2 Qa5+ 14. Kf1 Nf6 15. Qb3 Qa6+ 16. Kg1 Rd8 17. Be5 Bd6 18. Bxf6 gxf6 19. Bxe4 f5 20. gxf5 Rh5 21. Bd3 b5 22. fxg6 Rg5+ 23. Kf1 fxg6 24. Qe6+ Be7 25. h4 Rd6 26. Qg8+ {1-0 (26) Matlakov,M (2625)-De Boer,E (2426) chess.com INT 2024}) 12... g5 13. Bh2 Nxc3 14. bxc3 Nb6 15. O-O Bd6 16. Bxd6 Qxd6 17. Rb1 O-O 18. Qd3 g6 19. Rfe1 Rae8 20. e4 dxe4 21. Rxe4 Rxe4 22. Qxe4 Qd8 23. Qd3 Qe7 24. c4 Rd8 25. Qc3 Rd7 26. Re1 Qd8 27. Re4 Nc8 28. Qe3 Nd6 29. Re5 Kg7 30. Qe2 Qf6 31. a4 Nc8 32. d5 c5 33. Qe3 Nb6 34. Bf1 Nxa4 35. h4 Qf4 36. hxg5 Qxg4+ 37. Bg2 Qd4 38. Re8 Qxe3 39. fxe3 Nb6 40. Bf1 a5 41. Bh3 a4 42. Bxd7 a3 43. Re7 a2 44. Be6 a1=Q+ 45. Kg2 Qb2+ 46. Kf3 Nxc4 47. Rxf7+ Kh8 48. Rf8+ Kh7 49. Rf7+ Kh8 50. Rf8+ Kh7 51. Rf7+ Kh8 1/2-1/2

[Event "SCO National Chess Online"]
[Site "chess.com INT"]
[Date "2022.11.19"]
[Round "7"]
[White "Wei Yi"]
[Black "Maghsoodloo, Parham"]
[Result "1/2-1/2"]
[WhiteElo "2722"]
[BlackElo "2720"]
[PlyCount "138"]
[EventDate "2022.11.19"]
[WhiteTeam "China"]
[BlackTeam "Iran"]
[WhiteTeamCountry "CHN"]
[BlackTeamCountry "IRI"]

1. d4 d5 2. c4 e6 3. Nc3 Bb4 4. a3 Bxc3+ 5. bxc3 Nf6 6. cxd5 exd5 7. e3 c5 8. Bd3 O-O 9. Ne2 b6 10. O-O Ba6 11. f3 Re8 12. Ng3 Bxd3 13. Qxd3 Nc6 14. Bb2 h5 15. Rae1 cxd4 16. cxd4 h4 17. Nf5 h3 18. g4 Ne7 19. Ng3 Qd7 20. Rf2 Nh7 $146 ({RR} 20... Rac8 21. Qf1 Ng6 22. Qxh3 Qb5 23. g5 Nh7 24. Qg4 Qb3 25. h4 Rc2 26. Rxc2 Qxc2 27. Re2 Qd3 28. Kf2 Re6 29. Qf5 Qb3 30. Qc2 Rxe3 31. Qc8+ Nhf8 32. Rxe3 Qxb2+ 33. Ne2 Nxh4 34. Qg4 Nhg6 35. f4 {Petrosian,T-Fridstein,G Moscow 1947 1-0 (41)}) 21. Qf1 Ng5 22. f4 Ne4 23. Nxe4 dxe4 24. f5 Nd5 25. Qxh3 f6 26. Qg3 Rac8 27. h4 Kf7 28. g5 Ke7 29. g6 Qa4 30. Kg2 Kd7 31. Rfe2 Rc2 32. Rxc2 Qxc2+ 33. Qf2 Rc8 34. h5 Qd3 35. h6 gxh6 36. Re2 Qd1 37. Qf1 Qd3 38. Qf2 b5 39. Kh2 a5 40. Rd2 Qb3 41. Re2 b4 42. axb4 axb4 43. Kg3 Qd3 44. Kh4 b3 45. Qe1 Qb5 46. Qf2 Ne7 47. d5 Rc2 48. Rxc2 bxc2 49. Qxc2 Nxf5+ 50. Kh3 Ne7 51. Qxe4 Qxb2 52. Qe6+ Kd8 53. g7 Qe5 54. g8=Q+ Nxg8 55. Qxg8+ Kd7 56. Qg7+ Kd6 57. Qxh6 Kxd5 58. Qf4 Qxf4 59. exf4 Kd4 60. Kg3 f5 61. Kh4 Ke3 62. Kg3 Ke4 63. Kg2 Kxf4 64. Kf2 Ke4 65. Ke2 f4 66. Kf2 f3 67. Kf1 Ke3 68. Ke1 f2+ 69. Kf1 Kf3 1/2-1/2

[Event "chess.com SpeedChess 2022"]
[Site "chess.com INT"]
[Date "2022.12.16"]
[Round "3.38"]
[White "Vachier Lagrave, M."]
[Black "Carlsen, M."]
[Result "0-1"]
[WhiteElo "2736"]
[BlackElo "2859"]
[PlyCount "64"]
[EventDate "2022.11.23"]
[EventType "k.o."]

1. d4 d5 2. c4 e6 3. Nc3 Be7 4. Nf3 Nf6 5. cxd5 exd5 6. Bf4 c6 7. e3 Bf5 8. Bd3 Bxd3 9. Qxd3 Nbd7 10. O-O O-O 11. Rab1 Nh5 12. Bg3 Nxg3 13. hxg3 a5 14. a3 Nf6 $146 ({RR} 14... Bd6 15. b4 b5 16. e4 dxe4 17. Nxe4 Nf6 18. Rfc1 Ra6 19. Nxf6+ Qxf6 20. d5 axb4 21. axb4 cxd5 22. Qxb5 Be7 23. Qxd5 Rd8 24. Qe5 Rb6 25. b5 Qxe5 26. Nxe5 f6 27. Nc4 Rb7 28. Na5 Rb6 29. Rc7 {Kartsev,A (1989)-Weisbrod,A Germany 2008 1-0 (32)}) 15. b4 axb4 16. axb4 Ra3 17. Qc2 g6 18. Rb3 Rxb3 19. Qxb3 Qd6 20. b5 c5 21. dxc5 Qxc5 22. Rd1 Rd8 23. Ne2 Ne4 24. Nfd4 Qc4 25. Qb2 Qb4 26. Qa2 h5 27. Rc1 Bf6 28. f3 Nd2 29. Rc7 Nc4 30. Kf2 Re8 31. Rxb7 Nxe3 32. Qb3 Qd2 0-1

[Event "9th Sunway Sitges 2022"]
[Site "Sitges ESP"]
[Date "2022.12.19"]
[Round "7.1"]
[White "Alekseenko, K."]
[Black "Grigoryan, K2."]
[Result "1-0"]
[WhiteElo "2672"]
[BlackElo "2619"]
[PlyCount "63"]
[EventDate "2022.12.12"]

1. d4 d5 2. c4 e6 3. Nc3 a6 4. cxd5 exd5 5. Bf4 Nf6 6. e3 Bd6 7. Bg5 c6 8. Bd3 Be6 9. Nge2 Nbd7 10. h3 h6 11. Bh4 Be7 ({RR} 11... Qc7 12. f4 Nb6 13. O-O O-O-O 14. a4 Kb8 15. a5 Nc8 16. Bxf6 gxf6 17. Na4 Ne7 18. Nc5 Bc8 19. b4 Nf5 20. Qd2 Rhg8 21. Kh1 Qe7 22. Rf3 Rde8 23. Bxf5 Bxf5 24. Nc3 h5 25. Re1 Qd8 26. Qf2 {Moussard,J (2590)-Nakamura,H (2802) chess.com INT 2024 ½-½}) ({RR} 11... Qc7 12. Qd2 Rc8 13. Bg3 O-O 14. O-O Nh5 15. Bxd6 Qxd6 16. b4 f5 17. f4 b5 18. Nd1 Nb6 19. a3 Nf6 20. Ng3 Ne4 21. Bxe4 dxe4 22. Nb2 c5 23. bxc5 Rxc5 24. Qb4 Rc6 25. Qxd6 Rxd6 26. Rfc1 {Szczypawka,A (1823)-Tokarz,I (2090) Jastrzebia Gora POL 2025 0-1 (52)}) 12. Nf4 $146 ({RR} 12. O-O O-O 13. f3 c5 14. dxc5 Bxc5 15. Bf2 Ne5 16. Nd4 Re8 17. Rc1 Ba7 18. Bb1 Nc4 19. b3 Ne5 20. Bg3 Nc6 21. Nce2 Rc8 22. Nxc6 bxc6 23. Qd3 Bxh3 24. gxh3 Rxe3 25. Qxa6 Qe7 26. Bf2 Re8 {Becerra,J (2316)-Rozman,L (2322) chess.com INT 2023 ½-½ (73)}) 12... Nf8 13. O-O Bc8 14. Bg3 Ne6 15. Nxe6 Bxe6 16. Qb3 Ra7 17. Qc2 O-O 18. Na4 Nd7 19. Rad1 Re8 20. Kh1 Bf8 21. Bh2 Ra8 22. f3 Rc8 23. e4 dxe4 24. fxe4 Nb6 25. Nc5 Bxc5 26. Qxc5 Bxa2 27. b3 Bxb3 28. Rb1 Nd7 29. Qd6 Ba4 30. Rxf7 Nc5 31. Qxc5 Kxf7 32. Bc4+ 1-0

[Event "Tata Steel Challengers"]
[Site "Wijk aan Zee NED"]
[Date "2023.01.28"]
[Round "12.2"]
[White "Yilmaz, M."]
[Black "Supi, L."]
[Result "1/2-1/2"]
[WhiteElo "2609"]
[BlackElo "2608"]
[PlyCount "61"]
[EventDate "2023.01.14"]

1. d4 {Krasenkow,Michal} d5 2. c4 e6 3. Nc3 Be7 4. cxd5 exd5 5. Bf4 Nf6 6. e3 Bf5 7. Qb3 Nc6 8. g4 Bc8 ({RR} 8... Nxg4 9. Qxd5 ({RR} 9. Nxd5 O-O 10. Bg2 Bh4 11. Bg3 Be6 12. Kf1 a5 13. Nh3 a4 14. Qc4 Na5 15. Qc5 b6 16. Bxh4 bxc5 17. Bxd8 Raxd8 18. Ne7+ Kh8 19. d5 Bd7) ({RR} 9. a3 O-O 10. Bg2 Bh4 11. Bg3 Bxg3 ({RR} 11... Be6) ({RR} 11... Re8) 12. hxg3 Ne7 13. Nxd5 Nxd5 14. Qxd5 Qxd5 15. Bxd5 Rad8 16. Bxb7 Rb8 17. Bf3 Rxb2 18. Ne2) 9... Qc8 10. Qg2 O-O ({RR} 10... Nf6) 11. e4 Bxe4 ({RR} 11... Bg6 12. O-O-O) ({RR} 11... Nxd4 12. O-O-O Bc5) 12. Nxe4 Bb4+ 13. Nc3 Qf5 14. Be2 Rfe8 15. Kf1 Nf6 ({RR} 15... Qxf4 16. Qxg4 Qd2 17. Rb1) ({RR} 15... h5 16. Qg3 Nxd4 17. Bd3) 16. Bh6 g6 17. Qg5 Nxd4 18. Rd1 ({RR} 18. Qxf5 Nxf5 19. Bd2) 18... Bxc3 19. bxc3 Ne4 ({RR} 19... Rxe2 20. Nxe2 Qh3+ 21. Qg2 Qxg2+ 22. Kxg2 Nxe2 23. Rd3) 20. Qxf5 Nxf5 21. Bd2 Rad8 22. Be1 Rxd1 23. Bxd1 {Aronian,L (2808)-Kramnik,V (2785) Monte Carlo 2011 CBM 142 [Krasenkow,Michal] 1-0 (39)}) ({RR} 8... Nxg4 9. Qxd5 Qxd5 10. Nxd5 Bb4+ 11. Nc3 O-O-O 12. Nge2 Rhe8 13. Bg2 Bd3 14. Bf3 Nf6 15. O-O-O Bg6 16. h4 Bh5 17. Rh3 Bxf3 18. Rxf3 Ne4 19. Nxe4 Rxe4 20. Ng3 Ree8 21. Nh5 g6 22. Nf6 Rh8 23. d5 {Ilinca,F (2397)-Balakrishnan,P (2489) San Vicente ESP 2025 1-0 (63)}) 9. h3 O-O 10. Nge2 $146 ({RR} 10. Nf3 Bd6 11. Bxd6 cxd6 12. Bd3 Re8 13. Kf1 Be6 14. Qxb7 Na5 15. Qb4 Ne4 16. Kg2 Rb8 17. Qa3 h5 18. Nxe4 dxe4 19. Bxe4 Nc4 20. Qd3 d5 21. Bh7+ Kh8 22. b3 Nd6 23. Qb1 Ne4 24. Bxe4 dxe4 {Grischuk,A (2745)-Supi,L (2608) chess.com INT 2023 1-0 (43)}) 10... Na5 11. Qc2 Nc4 12. Ng3 Bd6 13. Bxd6 Nxd6 14. Bd3 Kh8 15. f3 b6 16. O-O-O c5 17. g5 Nfe8 18. h4 Bb7 19. Kb1 Rc8 20. Bxh7 cxd4 21. exd4 Rxc3 22. bxc3 Nc4 23. Qd3 Qd6 24. Nf1 Nc7 25. Bf5 Ba6 26. Ka1 Nb2 27. Qc2 Nxd1 28. Qxd1 Qa3 29. Qd2 Nb5 30. Ne3 Nxc3 31. Qb2 1/2-1/2

[Event "Belgrade"]
[Site "Belgrade"]
[Date "2022.03.07"]
[Round "2"]
[White "Sarana, Alexey"]
[Black "Indjic, Aleksandar"]
[Result "1/2-1/2"]
[WhiteElo "2685"]
[BlackElo "2605"]
[PlyCount "227"]
[EventDate "2022.03.06"]
[EventType "tourn"]
[EventRounds "9"]
[EventCountry "SRB"]
[EventCategory "17"]
[SourceTitle "CBM 207 Extra"]
[Source "ChessBase"]
[SourceDate "2022.05.31"]
[SourceVersion "1"]
[SourceVersionDate "2022.05.31"]
[SourceQuality "1"]

1. d4 d5 2. c4 e6 3. Nc3 a6 4. cxd5 exd5 5. Nf3 h6 6. Bf4 Nf6 7. e3 Bd6 8. Be5 c6 9. Bd3 Qe7 10. O-O Nbd7 11. Bxd6 Qxd6 12. Qc2 O-O 13. Rab1 c5 $146 ({RR} 13... a5 14. h3 ({RR} 14. a3 b5 15. Rfc1 Bb7 16. Ne2 Nb6 17. Ng3 a4 18. Nf5 Qe6 19. Ne5 Nc4 20. f4) 14... Nb6 15. Rfe1 Be6 16. Ne5 Nfd7 17. f4 Nxe5 18. dxe5 Qc5 19. f5 Bd7 20. f6 Rfe8 21. fxg7 Rxe5 22. Qf2 Rae8 23. Kh1 Rxe3 24. Rf1 Qe7 25. Bf5 Bxf5 26. Qxf5 Qe6 27. Qf4 Nc4 28. Qf2 {Quintiliano Pinto,R (2515)-Kourkoulos Arditis,S (2580) Chess.com INT 2025 0-1 (31)}) 14. dxc5 Nxc5 15. h3 Be6 16. Rfd1 Rac8 17. Qd2 Rfd8 18. Rbc1 Qb6 19. Bb1 Nce4 20. Nxe4 dxe4 21. Nd4 Bd7 22. a3 h5 23. Rxc8 Rxc8 24. Ne2 Bb5 25. Nc3 Bd3 26. Qc1 Bxb1 27. Qxb1 Rc4 28. Qc2 g6 29. Rd2 Kg7 30. Qd1 h4 31. Rd8 Qxb2 32. Qd6 Nh7 33. Qe5+ Kh6 34. Qf4+ Kg7 35. Qe5+ Kh6 36. Rd7 Rxc3 37. Qf4+ g5 38. Qxf7 Rc1+ 39. Kh2 Qe5+ 40. g3 hxg3+ 41. Kg2 Nf6 42. Qg7+ Kh5 43. Qf7+ Kh6 44. Qg7+ Kh5 45. Rd8 Rg1+ 46. Kxg1 gxf2+ 47. Kg2 f1=Q+ 48. Kxf1 Kh4 49. Rd2 Qf5+ 50. Ke1 Qf3 51. Re2 b5 52. Qh6+ Nh5 53. Qxa6 Qxh3 54. Qxb5 Ng3 55. Rf2 Qh1+ 56. Kd2 Qg1 57. Rf7 Kh3 58. a4 Qa1 59. Qb3 g4 60. Kc2 Ne2 61. Kd2 Ng1 62. Kc2 Nf3 63. Qc4 Ne1+ 64. Kd2 Nf3+ 65. Kc2 g3 66. Rh7+ Kg2 67. Qxe4 Kf2 68. Rh6 Qa2+ 69. Kc1 Qa3+ 70. Kd1 Qa1+ 71. Kc2 Qa2+ 72. Kc1 g2 73. Rg6 Qa3+ 74. Kc2 Ne1+ 75. Kb1 Qb3+ 76. Kc1 Qc3+ 77. Kb1 Qb3+ 78. Kc1 g1=Q 79. Rxg1 Qc3+ 80. Kb1 Qb3+ 81. Kc1 Qc3+ 82. Kb1 Kxg1 83. Qg4+ Kf1 84. Qf5+ Ke2 85. Qb5+ Nd3 86. Qh5+ Kd2 87. Qh2+ Kxe3 88. Qg3+ Ke4 89. Qg6+ Kd5 90. Qf7+ Kd4 91. Qf6+ Ne5 92. Qf2+ Kd5 93. Qg2+ Nf3 94. Qg8+ Ke4 95. Qe8+ Ne5 96. Qb5 Nc4 97. Qc6+ Ke3 98. Qh6+ Kd4 99. Qf6+ Ne5 100. Qb6+ Ke4 101. Qb7+ Ke3 102. Qb2 Qa5 103. Qc1+ Ke4 104. Qc2+ Nd3 105. Qc4+ Ke3 106. Qe6+ Kd2 107. Qh6+ Kc3 108. Qc6+ Nc5 109. Qf6+ Kc4 110. Qf4+ Kb3 111. Qf7+ Kb4 112. Qf4+ Ka3 113. Qc1+ Kxa4 114. Qc4+ 1/2-1/2

[Event "Tata Steel Challengers"]
[Site "Wijk aan Zee NED"]
[Date "2023.01.24"]
[Round "9.7"]
[White "Pechac, Jergus"]
[Black "Supi, L."]
[Result "1/2-1/2"]
[WhiteElo "2637"]
[BlackElo "2608"]
[PlyCount "75"]
[EventDate "2023.01.14"]

1. d4 d5 2. c4 e6 3. Nc3 Be7 4. Bf4 Nf6 5. e3 O-O 6. a3 b6 7. cxd5 exd5 8. Bd3 c5 9. Nge2 Bb7 10. Qc2 Nc6 $146 ({RR} 10... Nbd7 11. O-O Rc8 12. Bf5 h6 13. Rfd1 c4 14. Nb5 a6 15. Nd6 Bxd6 16. Bxd6 Re8 17. Bg3 Ne4 18. Qa4 b5 19. Qb4 Bc6 20. Qe1 Qf6 21. Bxe4 Rxe4 22. a4 Ree8 23. axb5 axb5 24. Ra6 Ra8 25. Rda1 {Mikhailovsky,V (2184)-Krishnan,V (2203) Chess.com INT 2022 1-0 (45)}) 11. dxc5 bxc5 12. O-O g6 13. Rfd1 Qc8 14. Ng3 Rd8 15. Bf1 Qe6 16. Na4 c4 17. b3 Na5 18. bxc4 Nxc4 19. Qb3 Rd7 20. Nb2 Rc8 21. Ne2 Nh5 22. Nd4 Qf6 23. Qb5 Nb6 24. Nd3 Nxf4 25. Nxf4 Bd6 26. g3 Rdc7 27. Bh3 Rc5 28. Qb3 Rb8 29. a4 Ba6 30. Rab1 Bc4 31. Qb4 Qd8 32. Qb2 Be5 33. Qa3 Bd6 34. Qa1 Be5 35. Qa3 Bd6 36. Qa1 Be5 37. Qa3 Bd6 38. Qa1 1/2-1/2

[Event "Airthings Masters Play-In"]
[Site "chess.com INT"]
[Date "2023.02.03"]
[Round "2"]
[White "Bluebaum, M."]
[Black "Andreikin, D."]
[Result "0-1"]
[WhiteElo "2663"]
[BlackElo "2729"]
[PlyCount "128"]
[EventDate "2023.02.03"]

1. d4 d5 2. c4 e6 3. Nc3 a6 4. cxd5 exd5 5. a3 c6 6. Bf4 Bd6 7. Bxd6 ({RR} 7. e3 Nf6 8. Bd3 Bxf4 9. exf4 O-O 10. Nge2 Re8 11. f3 Nbd7 12. O-O b5 13. g4 Nb6 14. b3 Nfd7 15. Qc2 g6 16. Ng3 Bb7 17. Qd2 c5 18. f5 c4 19. bxc4 Nxc4 20. Qh6 Qf6 21. Nce2 Rac8 {Marabajan Navas,S (2073)-Majumder,S (2122) Barcelona 2025 0-1 (33)}) 7... Qxd6 8. e3 Ne7 ({RR} 8... Nf6 9. Bd3 O-O 10. Nge2 Re8 11. Qd2 Nbd7 12. f3 Nf8 13. e4 dxe4 14. fxe4 Qd8 15. O-O Bg4 16. e5 Nd5 17. Ne4 Qb6 18. Kh1 Ne6 19. Nd6 Rf8 20. Rad1 f6 21. h3 Bxe2 22. Qxe2 Nef4 23. Rxf4 {Bluebaum,M (2661)-Klukin,K (2390) chess.com INT 2023 ½-½ (38)}) 9. Bd3 $146 ({RR} 9. Nge2 O-O 10. Ng3 Be6 11. Bd3 Nd7 12. O-O g6 13. Bc2 Rae8 14. Qd2 f5 15. Nge2 Nc8 16. Nf4 Qe7 17. Rae1 Nd6 18. f3 Qg7 19. Kh1 Bf7 20. Nd3 Re7 21. Nd1 Rfe8 22. Qc1 Qh6 23. Kg1 Kh8 {Deac,B (2691)-Dishman,S (2358) Vrnjacka Banja SRB 2024 1-0 (50)}) 9... Bf5 10. Nge2 Nd7 11. O-O O-O 12. Ng3 Bg6 13. Rc1 Nb6 14. Qe2 a5 15. Rfd1 a4 16. e4 dxe4 17. Ncxe4 Qc7 18. Nc5 Ned5 19. Qf3 Bxd3 20. Qxd3 Rfe8 21. Qc2 g6 22. Nge4 Re7 23. Nc3 Nxc3 24. bxc3 Nc4 25. Nxa4 Rae8 26. g3 Re2 27. Qb1 Qe7 28. Rc2 Qf6 29. Rf1 Qf3 30. Rxe2 Rxe2 31. Qxb7 Ne3 32. Qb8+ Kg7 33. Qe5+ Kh6 34. Qxe3+ Rxe3 35. fxe3 Qxe3+ 36. Kg2 f5 37. Rf2 Qe4+ 38. Kg1 Qb1+ 39. Kg2 Qb3 40. Nc5 Qxc3 41. Rf4 Qxa3 42. h4 Qa2+ 43. Kh3 Qb1 44. Kh2 Qc2+ 45. Kh3 Qd1 46. Kh2 Qe2+ 47. Kh3 Kg7 48. Nd7 h6 49. Nc5 Qd1 50. Kg2 Qc2+ 51. Rf2 Qc4 52. Rf4 Qd5+ 53. Kh2 g5 54. hxg5 hxg5 55. Rf2 Kg6 56. Rd2 Kh5 57. Nd3 Qf3 58. Ne5 Qe3 59. g4+ fxg4 60. Rg2 Qxd4 61. Nxc6 Qd6+ 62. Ne5 Qxe5+ 63. Rg3 Kh4 64. Kh1 Kxg3 0-1